000 00315nam a22001217a 4500
008 181126b xxu||||| |||| 00| 0 eng d
041 _aeng
080 _a043.3
100 _a0
101 _aMTH-SHKI
245 _aSistemi Menaxhues i Trafikut Urban ne Kohe Reale ne Komunen e Prishtines
_cKuci, A
942 _2udc
_cBK
999 _c52529
_d52529